| 000 -CABECERA |
| fixed length control field |
01734nam a22002657a 4500 |
| 003 - IDENTIFICADOR DEL NÚMERO DE CONTROL |
| control field |
AR-CdUCM |
| 008 - DATOS DE LONGITUD FIJA--INFORMACIÓN GENERAL |
| fixed length control field |
190515b ||||| |||| 00| 0 spa d |
| 020 ## - NÚMERO INTERNACIONAL ESTÁNDAR DEL LIBRO |
| ISBN |
9786071507273 |
| 020 ## - NÚMERO INTERNACIONAL ESTÁNDAR DEL LIBRO |
| ISBN |
9786071507280 |
| 020 ## - NÚMERO INTERNACIONAL ESTÁNDAR DEL LIBRO |
| ISBN |
9786071507297 |
| 040 ## - FUENTE DE LA CATALOGACIÓN |
| Agencia/entidad que catalogó originalmente la obra |
MUNICIPALIDAD PROVINCIAL DEL CUSCO |
| Entidad que transcribió la catalogación |
BIBLIOTECA MUNICIPAL DEL CUSCO |
| 082 ## - NÚMERO DE LA CLASIFICACIÓN DECIMAL DEWEY |
| No. de Clasificación |
616/M12 |
| Notacion interna |
M12 |
| No. de la edición |
Dieciocho |
| 245 ## - MENCIÓN DE TÍTULO |
| Título |
Harrison principios de Medicina Interna / |
| 260 ## - PUBLICACIÓN, DISTRIBUCIÓN, ETC. |
| Lugar de publicación, distribución, etc. |
New York : |
| Nombre de la editorial, distribuidor, etc. |
McGraw-Hill, |
| Fecha de publicación, distribución, etc. |
2012. |
| 300 ## - DESCRIPCIÓN FÍSICA |
| Nº de Páginas Extensión |
2 volúmenes ; |
| Dimensiones |
29x22 cm. |
| Otros detalles físicos |
ilustraciones en color ; |
| Material acompañante |
+ 01 DVD |
| 505 ## - NOTA DE CONTENIDO CON FORMATO |
| Nota de contenido formateada |
Contenido: Introducción a la medicina clínica -- Manifestaciones principales y cuadro clínico inicial de las enfermedades --Alteraciones de la temperatura corporal -- Disfunción del sistema nervioso -- Trastornos de ojos, oídos, nariz y faringe -- Alteraciones en las funciones circulatoria y respiratoria -- Alteraciones en la función renal y de vías urinarias -- Trastornos de la piel -- Trastornos hematológicos -- Genes, el medio ambiente y las enfermedades -- Oncología y hematología -- Enfermedades infecciosas -- Trastornos del aparato cardiovascular -- Trastornos del aparato respiratorio -- Trastornos renales y de vías urinarias -- Enfermedades del aparato digestivo -- Trastornos de las articulaciones y tejidos adyacentes -- Endocrinología y metabolismo -- Trastornos neurológicos -- Intoxicación, sobredosis farmacológica y envenenamiento -- Gran altitud y enfermedad por descompresión. |
| 650 ## - PUNTO DE ACCESO ADICIONAL DE MATERIA--TÉRMINO DE MATERIA |
| Descriptor |
Medicina |
| 9 (RLIN) |
3637 |
| 650 ## - PUNTO DE ACCESO ADICIONAL DE MATERIA--TÉRMINO DE MATERIA |
| Descriptor |
Medicina Interna |
| 9 (RLIN) |
21944 |
| 650 ## - PUNTO DE ACCESO ADICIONAL DE MATERIA--TÉRMINO DE MATERIA |
| Descriptor |
Enfermedades |
| 9 (RLIN) |
5611 |
| 650 ## - PUNTO DE ACCESO ADICIONAL DE MATERIA--TÉRMINO DE MATERIA |
| Descriptor |
Ciencias de la Salud |
| 9 (RLIN) |
44385 |
| 700 ## - PUNTO DE ACCESO ADICIONAL--NOMBRE DE PERSONA |
| Nombre Personal |
Dan L. Longo |
| 9 (RLIN) |
44588 |
| 700 ## - PUNTO DE ACCESO ADICIONAL--NOMBRE DE PERSONA |
| Nombre Personal |
J. Larry Jameson |
| 9 (RLIN) |
44589 |
| 942 ## - ELEMENTOS DE PUNTO DE ACCESO ADICIONAL (KOHA) |
| Fuente de clasificación |
|
| Tipo de item |
Libros-BMC |
| 945 ## - PROCESAMIENTO DE INFORMACIÓN LOCAL (OCLC) |
| Catalogador |
Roel |